[Event "IECG WC.2005.T.00005 email"]
[Site "IECG email"]
[Date "2004.12.15"]
[Round "?"]
[White "Schrancz, Istvan"]
[Black "Fateev, Sergey Anatolievich"]
[Result "1-0"]
[WhiteElo "2483"]
[BlackElo "2406"]
[PlyCount "35"]
[EventDate "2004.12.15"]
[EventType "tourn (corr)"]
[EventRounds "10"]
[SourceTitle "Corr 2008"]
[Source "ChessBase"]
[SourceDate "2008.06.24"]
[SourceVersion "1"]
[SourceVersionDate "2008.06.24"]
[SourceQuality "1"]

1. d4 Nf6 2. c4 e6 3. Nc3 Bb4 4. Qc2 0-0 5. a3 Bxc3+ 6. Qxc3 b6 7. Bg5 Bb7 8. e3 d6 9. Ne2 Nbd7 10. Qd3 h6 11. Bh4 c5 12. Nc3 Qe7 13. Rd1 Rfd8 14. d5 Ne5 15. Qc2 exd5 16. cxd5 Ng6 17. Bg3 Nh5 18. Be2 1-0

[Event "IECG CP.2003.P.00066 email"]
[Site "IECG email"]
[Date "2003.10.01"]
[Round "?"]
[White "Fateev, Sergey Anatolievich"]
[Black "Fernandes, Fabio da Silva P"]
[Result "1/2-1/2"]
[WhiteElo "2200"]
[BlackElo "1367"]
[PlyCount "103"]
[EventDate "2003.10.01"]
[EventType "tourn (corr)"]
[EventRounds "6"]
[EventCountry "BRA"]
[SourceTitle "Corr 2008"]
[Source "ChessBase"]
[SourceDate "2008.06.24"]
[SourceVersion "1"]
[SourceVersionDate "2008.06.24"]
[SourceQuality "1"]

1. d4 Nf6 2. c4 g6 3. Nc3 d5 4. cxd5 Nxd5 5. e4 Nxc3 6. bxc3 Bg7 7. Nf3 c5 8. Rb1 0-0 9. Be2 b6 10. 0-0 Bb7 11. Qd3 Ba6 12. Qe3 Qd7 13. Rd1 cxd4 14. cxd4 Qa4 15. Rd2 Bxe2 16. Rxe2 Rd8 17. d5 Nd7 18. Ba3 e6 19. dxe6 fxe6 20. e5 Rac8 21. Be7 Re8 22. Bd6 Rc4 23. Ree1 Rec8 24. a3 Nc5 25. Nd2 Rc2 26. Rbd1 Ra2 27. Bxc5 bxc5 28. Ne4 Qxa3 29. Qg5 c4 30. Qh4 Rf8 31. Ng5 h5 32. Qxc4 Qa6 33. Qe4 Rf5 34. Nf3 Qb6 35. Rf1 Bxe5 36. g4 Bxh2+ 37. Kh1 hxg4 38. Nxh2 Raxf2 39. Rxf2 Qxf2 40. Qxe6+ Kg7 41. Rd6 Rf6 42. Qe7+ Rf7 43. Qe5+ Kh7 44. Rd8 Qf6 45. Qxf6 Rxf6 46. Rd7+ Kg8 47. Rxa7 g3 48. Ng4 Rf4 49. Ne5 Re4 50. Nc6 Re2 51. Nd4 Rf2 52. Ne6 1/2-1/2

[Event "IECG CP.2003.P.00066 email"]
[Site "IECG email"]
[Date "2003.10.01"]
[Round "?"]
[White "Medveski, Mike"]
[Black "Fateev, Sergey Anatolievich"]
[Result "0-1"]
[WhiteElo "1888"]
[BlackElo "2200"]
[PlyCount "74"]
[EventDate "2003.10.01"]
[EventType "tourn (corr)"]
[EventRounds "6"]
[EventCountry "BRA"]
[SourceTitle "Corr 2008"]
[Source "ChessBase"]
[SourceDate "2008.06.24"]
[SourceVersion "1"]
[SourceVersionDate "2008.06.24"]
[SourceQuality "1"]

1. d4 Nf6 2. Nf3 g6 3. c4 Bg7 4. Nc3 d5 5. Bg5 Ne4 6. cxd5 Nxg5 7. Nxg5 e6 8. Qd2 exd5 9. Qe3+ Kf8 10. g3 Bf6 11. Nf3 Kg7 12. Bg2 Re8 13. Qd2 c6 14. 0-0 Bf5 15. Nd1 Nd7 16. h3 Kg8 17. Rc1 Bg7 18. Nh4 Be6 19. f4 Nf6 20. e3 Ne4 21. Qe1 Nd6 22. Kh2 a5 23. Nf2 Qb6 24. b3 Re7 25. g4 Rae8 26. Nf3 f6 27. Qc3 Bc8 28. Nd1 Bf8 29. Qc5 Qd8 30. Nd2 g5 31. f5 Rxe3 32. Nxe3 Nxf5 33. Qa7 Nxe3 34. Rf2 h5 35. gxh5 Qc7+ 36. Kg1 Nxg2 37. Kxg2 Re3 0-1

[Event "IECG CM.2003.0.00220 email"]
[Site "IECG email"]
[Date "2003.05.08"]
[Round "?"]
[White "Borgbjerg, Ejner Tatari"]
[Black "Fateev, Sergey Anatolievich"]
[Result "0-1"]
[WhiteElo "2200"]
[BlackElo "2200"]
[PlyCount "88"]
[EventDate "2003.05.08"]
[EventType "tourn (corr)"]
[EventRounds "6"]
[SourceTitle "Corr 2008"]
[Source "ChessBase"]
[SourceDate "2008.06.24"]
[SourceVersion "1"]
[SourceVersionDate "2008.06.24"]
[SourceQuality "1"]

1. d4 Nf6 2. Nf3 g6 3. Bf4 Bg7 4. e3 0-0 5. Be2 d6 6. h3 c5 7. c3 Qb6 8. Qb3 Be6 9. Qxb6 axb6 10. a3 Nc6 11. Nbd2 Na5 12. 0-0 Rfc8 13. Rfe1 d5 14. Rac1 Nc6 15. Bh2 h6 16. Bd3 c4 17. Bc2 Bf5 18. Bxf5 gxf5 19. Be5 Nxe5 20. Nxe5 Ne4 21. Red1 e6 22. f4 Bxe5 23. fxe5 Ng5 24. Kh2 h5 25. g4 hxg4 26. hxg4 f6 27. exf6 Kf7 28. Kg3 Kxf6 29. gxf5 Rg8 30. Kf2 Nh3+ 31. Kf3 exf5 32. Rh1 Rh8 33. Ke2 Rag8 34. Rcf1 b5 35. Kf3 Rg4 36. Ke2 Rg3 37. Rf3 Ng1+ 38. Kd1 Rxh1 39. Rxg3 Nh3+ 40. Ke2 Rh2+ 41. Kf1 Rxd2 42. Rxh3 Rxb2 43. Rh7 Rb3 44. Rxb7 f4 0-1

[Event "IECG CM.2003.0.00220 email"]
[Site "IECG email"]
[Date "2003.05.08"]
[Round "?"]
[White "Fateev, Sergey Anatolievich"]
[Black "Bourgault, Pierre"]
[Result "1-0"]
[WhiteElo "2200"]
[BlackElo "2219"]
[PlyCount "53"]
[EventDate "2003.05.08"]
[EventType "tourn (corr)"]
[EventRounds "6"]
[SourceTitle "Corr 2008"]
[Source "ChessBase"]
[SourceDate "2008.06.24"]
[SourceVersion "1"]
[SourceVersionDate "2008.06.24"]
[SourceQuality "1"]

1. d4 Nf6 2. c4 e6 3. Nf3 c6 4. g3 d5 5. Qc2 dxc4 6. Qxc4 Nbd7 7. Bg2 Bd6 8. 0-0 0-0 9. Nbd2 e5 10. Qc2 exd4 11. Nxd4 Nb6 12. N2b3 Re8 13. e4 a5 14. a4 Qe7 15. Bd2 Bb4 16. Rfe1 Bxd2 17. Qxd2 Rd8 18. Qc3 Qc7 19. f4 h6 20. h3 h5 21. Qf3 h4 22. gxh4 Qe7 23. e5 Nfd5 24. f5 c5 25. Nb5 c4 26. N3d4 Qxh4 27. Re4 1-0

[Event "IECG CM.2003.0.00220 email"]
[Site "IECG email"]
[Date "2003.05.08"]
[Round "?"]
[White "Fateev, Sergey Anatolievich"]
[Black "Scacco, Mauro"]
[Result "1-0"]
[WhiteElo "2200"]
[BlackElo "2187"]
[PlyCount "53"]
[EventDate "2003.05.08"]
[EventType "tourn (corr)"]
[EventRounds "6"]
[SourceTitle "Corr 2008"]
[Source "ChessBase"]
[SourceDate "2008.06.24"]
[SourceVersion "1"]
[SourceVersionDate "2008.06.24"]
[SourceQuality "1"]

1. d4 Nf6 2. c4 e6 3. Nf3 b6 4. g3 Bb4+ 5. Bd2 Be7 6. Bg2 Bb7 7. Nc3 0-0 8. 0-0 a5 9. Qc2 d5 10. cxd5 exd5 11. Rac1 Na6 12. Rfd1 Re8 13. Bf4 c5 14. a3 h6 15. dxc5 Nxc5 16. Nb5 Nce4 17. Nc7 Rc8 18. Bh3 Nd7 19. Qb1 Bc5 20. Nxe8 Nxf2 21. Bxd7 Qxd7 22. Rxc5 Nh3+ 23. Kf1 Rxc5 24. Nd6 Nxf4 25. Nxb7 Qxb7 26. gxf4 Qd7 27. Kf2 1-0

[Event "IECG TG.2002.0.14710"]
[Site "IECG email"]
[Date "2002.??.??"]
[Round "2"]
[White "Chapman, Joseph"]
[Black "Fateev, Sergey Anatolievich"]
[Result "0-1"]
[WhiteElo "2067"]
[BlackElo "2200"]
[PlyCount "47"]
[EventDate "2002.??.??"]
[EventType "match (corr)"]
[EventRounds "2"]
[SourceTitle "Corr 2008"]
[Source "ChessBase"]
[SourceDate "2008.06.24"]
[SourceVersion "1"]
[SourceVersionDate "2008.06.24"]
[SourceQuality "1"]

1. e4 c5 2. Nf3 d6 3. d4 cxd4 4. Nxd4 Nf6 5. Nc3 a6 6. Be3 e6 7. f4 b5 8. Qd3 Bb7 9. e5 dxe5 10. fxe5 Ng4 11. Qe2 Nxe3 12. Qxe3 Bc5 13. Rd1 Nc6 14. Nxc6 Bxe3 15. Nxd8 Rxd8 16. Rxd8+ Kxd8 17. Ne2 Ke7 18. h4 Rd8 19. Rh3 Bd2+ 20. Kf2 Ba5 21. Rg3 Rd2 22. Rxg7 Rxc2 23. Rxh7 Rxb2 24. g4 0-1